[Event "Steinfurt Bezirksliga 1617"]
[Site "Germany"]
[Date "2017.02.11"]
[Round "6.1"]
[White "Lehmann, Mona"]
[Black "Lagemann, Stefan"]
[Result "1/2-1/2"]
[WhiteElo "1922"]
[BlackElo "1984"]
[PlyCount "33"]
[EventDate "2016.09.24"]
[EventType "team"]
[EventRounds "9"]
[EventCountry "GER"]
[SourceTitle "EXT 2018"]
[Source "ChessBase"]
[SourceDate "2017.10.13"]
[SourceVersion "1"]
[SourceVersionDate "2017.10.13"]
[SourceQuality "1"]
[WhiteTeam "Emsdetten Rochade III"]
[BlackTeam "Westerkappeln"]
[WhiteTeamCountry "GER"]
[BlackTeamCountry "GER"]

1. e4 c5 2. Nf3 Nc6 3. c3 Nf6 4. e5 Nd5 5. d4 cxd4 6. cxd4 d6 7. exd6 Qxd6 8. Nc3 Bg4 9. Be2 Nxc3 10. bxc3 e6 11. 0-0 Be7 12. h3 Bh5 13. Qb3 Qc7 14. Rd1 0-0 15. Be3 Rac8 16. Rac1 Na5 17. Qb5 1/2-1/2